[Event "Titled Tuesday intern op 19th Dec Early"]
[Site "Chess.com INT"]
[Date "2023.12.19"]
[Round "5"]
[White "Nery Junior, Jose Antonio"]
[Black "Bogumil, Tatiana"]
[Result "1-0"]
[WhiteElo "2082"]
[BlackElo "2090"]
[PlyCount "59"]
[EventDate "2023.12.19"]
[EventType "swiss (blitz)"]
[EventRounds "11"]
[EventCountry "USA"]
[SourceTitle "CB52_2023"]
[SourceDate "2023.12.27"]
[SourceVersion "1"]
[SourceVersionDate "2023.12.27"]
[SourceQuality "1"]

1. e4 d6 2. d4 g6 3. Nc3 Bg7 4. g3 c6 5. Bg2 Nf6 6. Nge2 0-0 7. 0-0 Nfd7 8. h3 c5 9. Be3 Nc6 10. Qd2 Re8 11. Rad1 cxd4 12. Nxd4 Nde5 13. b3 Rb8 14. f4 Nd7 15. Nxc6 bxc6 16. Bxa7 Ra8 17. Bd4 e5 18. Be3 exf4 19. gxf4 Qa5 20. Bd4 Bxd4+ 21. Qxd4 Qc5 22. a4 Ba6 23. Rfe1 d5 24. Qxc5 Nxc5 25. exd5 cxd5 26. Nxd5 Rxe1+ 27. Rxe1 Kg7 28. Nc7 Ra7 29. Nxa6 Rxa6 30. Rd1 1-0

[Event "Titled Tuesday intern op 19th Dec Early"]
[Site "Chess.com INT"]
[Date "2023.12.19"]
[Round "8"]
[White "Nery Junior, Jose Antonio"]
[Black "Sadovsky, Artem"]
[Result "0-1"]
[WhiteElo "2082"]
[BlackElo "2276"]
[PlyCount "150"]
[EventDate "2023.12.19"]
[EventType "swiss (blitz)"]
[EventRounds "11"]
[EventCountry "USA"]
[SourceTitle "CB52_2023"]
[SourceDate "2023.12.27"]
[SourceVersion "1"]
[SourceVersionDate "2023.12.27"]
[SourceQuality "1"]

1. e4 g6 2. d4 Bg7 3. Nc3 c6 4. g3 d5 5. Bg2 dxe4 6. Nge2 f5 7. 0-0 Nf6 8. Bf4 0-0 9. Qd2 Be6 10. Bh6 Nbd7 11. Bxg7 Kxg7 12. Nf4 Bf7 13. d5 Nb6 14. Rad1 cxd5 15. Nb5 e5 16. Ne2 a6 17. Nbc3 Nc4 18. Qc1 d4 19. b3 Nd6 20. Na4 b5 21. Nb2 Rc8 22. a4 Qb6 23. axb5 axb5 24. h3 Bxb3 25. Rd2 d3 26. Nxd3 exd3 27. Rxd3 Bxc2 28. Rc3 Be4 29. Rd1 Rxc3 30. Nxc3 Rc8 31. Qd2 Bxg2 32. Kxg2 Qc6+ 33. Kh2 Nfe4 34. Nxe4 Nxe4 35. Qe3 b4 36. Rd3 Qc5 37. Rd7+ Kf6 38. Qxc5 Rxc5 39. Rxh7 b3 40. Rb7 Rc3 41. Kg2 Nc5 42. Rb6+ Ke7 43. f3 Kd7 44. g4 Kc7 45. Rb5 fxg4 46. fxg4 Kc6 47. Rb8 Kd5 48. h4 Kc4 49. h5 gxh5 50. gxh5 Rc2+ 51. Kf3 b2 52. h6 Nb3 53. Rc8+ Kd3 54. Rxc2 Kxc2 55. h7 b1Q 56. h8Q Qf1+ 57. Ke4 Qe2+ 58. Kd5 e4 59. Qc8+ Kd1 60. Qe8 Nd2 61. Qa4+ Ke1 62. Qa1+ Kf2 63. Qd4+ Qe3 64. Qf6+ Nf3 65. Qf5 Qd4+ 66. Ke6 e3 67. Qc2+ e2 68. Kf7 Qe5 69. Kg8 Qe3 70. Kh7 Qd2 71. Qc5+ Qd4 72. Qc2 Kf1 73. Qf5 Qe3 74. Qh3+ Kf2 75. Qh1 e1Q 0-1

[Event "Titled Tuesday intern op 19th Dec Early"]
[Site "Chess.com INT"]
[Date "2023.12.19"]
[Round "6"]
[White "Saim, Mohamed Ilias"]
[Black "Nery Junior, Jose Antonio"]
[Result "0-1"]
[WhiteElo "2169"]
[BlackElo "2082"]
[PlyCount "64"]
[EventDate "2023.12.19"]
[EventType "swiss (blitz)"]
[EventRounds "11"]
[EventCountry "USA"]
[SourceTitle "CB52_2023"]
[SourceDate "2023.12.27"]
[SourceVersion "1"]
[SourceVersionDate "2023.12.27"]
[SourceQuality "1"]

1. d4 d5 2. c4 c6 3. Nf3 Nf6 4. e3 e6 5. Nbd2 Bd6 6. Bd3 Nbd7 7. 0-0 Qe7 8. e4 dxc4 9. Nxc4 e5 10. Re1 Bc7 11. Ncxe5 Nxe5 12. Nxe5 Bxe5 13. dxe5 Qxe5 14. Qb3 0-0 15. Bd2 Be6 16. Qxb7 Rab8 17. Qxc6 Rfc8 18. Bc3 Qxh2+ 19. Kxh2 Rxc6 20. Bxf6 gxf6 21. b3 Rbc8 22. f4 Rc3 23. Rad1 Bg4 24. Be2 f5 25. e5 Rc2 26. Bxg4 fxg4 27. e6 fxe6 28. Rxe6 R8c7 29. Re5 h6 30. Re8+ Kf7 31. Rdd8 Rxa2 32. Rf8+ Ke7 0-1

[Event "Titled Tuesday intern op 05th Sep Late"]
[Site "Chess.com INT"]
[Date "2023.09.05"]
[Round "3"]
[White "Heinechen, John"]
[Black "Nery Junior, Jose Antonio"]
[Result "1-0"]
[WhiteElo "1957"]
[BlackElo "2082"]
[PlyCount "75"]
[EventDate "2023.09.05"]
[EventType "swiss (blitz)"]
[EventRounds "11"]
[EventCountry "USA"]
[SourceTitle "EXT 2024"]
[Source "ChessBase"]
[SourceDate "2023.10.10"]
[SourceVersion "1"]
[SourceVersionDate "2023.10.10"]
[SourceQuality "1"]

1. d4 Nf6 2. Nc3 d5 3. Bf4 c6 4. e3 b5 5. Nf3 Bg4 6. h3 Bxf3 7. Qxf3 Nbd7 8. g4 b4 9. Ne2 Ne4 10. Ng3 Qa5 11. Nxe4 dxe4 12. Qxe4 b3+ 13. c3 Qxa2 14. Qb1 Qxb1+ 15. Rxb1 f6 16. Bc4 e5 17. dxe5 fxe5 18. Bg3 Rb8 19. 0-0 Bd6 20. Rfd1 Bc7 21. Ra1 a5 22. Ra3 Nc5 23. f3 Ke7 24. e4 h6 25. Bf2 Ne6 26. Rxb3 Rxb3 27. Bxb3 Nf4 28. Bc5+ Kf6 29. Rd7 Rc8 30. h4 Rb8 31. Bc4 Bb6 32. Rd6+ Ke7 33. Rxc6+ Kd7 34. Rxb6 Rc8 35. Bb5+ Kc7 36. Rc6+ Kb8 37. Rxc8+ Kxc8 38. Bd6 1-0

[Event "Titled Tuesday intern op 29th Aug Late"]
[Site "Chess.com INT"]
[Date "2023.08.29"]
[Round "9"]
[White "Negron Lizarazo, Juan Sebastian"]
[Black "Nery Junior, Jose Antonio"]
[Result "0-1"]
[WhiteElo "1689"]
[BlackElo "2082"]
[PlyCount "46"]
[EventDate "2023.08.29"]
[EventType "swiss (blitz)"]
[EventRounds "11"]
[EventCountry "USA"]
[SourceTitle "EXT 2024"]
[Source "ChessBase"]
[SourceDate "2023.10.10"]
[SourceVersion "1"]
[SourceVersionDate "2023.10.10"]
[SourceQuality "1"]

1. e4 c5 2. Nc3 e6 3. g3 a6 4. Bg2 b5 5. d3 Bb7 6. Be3 Qc7 7. Qd2 Nf6 8. h3 d5 9. exd5 exd5 10. Bf4 Bd6 11. Qe2+ Kd8 12. Bxd6 Qxd6 13. 0-0-0 Re8 14. Qf3 b4 15. Nce2 Nc6 16. Nf4 Nd4 17. Nxd5 Nxf3 18. Bxf3 Bxd5 19. Bxd5 Qxd5 20. Rh2 Kc7 21. f4 Re3 22. Ne2 Rae8 23. Ng1 Qxa2 0-1

[Event "Titled Tuesday intern op 29th Aug Late"]
[Site "Chess.com INT"]
[Date "2023.08.29"]
[Round "11"]
[White "Nery Junior, Jose Antonio"]
[Black "Petersson, Kjell"]
[Result "1-0"]
[WhiteElo "2082"]
[BlackElo "2040"]
[PlyCount "109"]
[EventDate "2023.08.29"]
[EventType "swiss (blitz)"]
[EventRounds "11"]
[EventCountry "USA"]
[SourceTitle "EXT 2024"]
[Source "ChessBase"]
[SourceDate "2023.10.10"]
[SourceVersion "1"]
[SourceVersionDate "2023.10.10"]
[SourceQuality "1"]

1. e4 c5 2. Nf3 d6 3. d4 cxd4 4. Nxd4 Nf6 5. Nc3 g6 6. f4 Nc6 7. Nxc6 bxc6 8. e5 Nd7 9. exd6 exd6 10. Qd4 Qf6 11. Be3 Be7 12. 0-0-0 0-0 13. Qa4 Bb7 14. Ne4 Qe6 15. Re1 Nb6 16. Bxb6 axb6 17. Qb3 d5 18. f5 Qe5 19. Qc3 Qf4+ 20. Qd2 Qxd2+ 21. Nxd2 Bg5 22. a3 gxf5 23. Bd3 Bc8 24. Rhf1 Be6 25. Kd1 Rae8 26. Bxf5 Bxf5 27. Rxf5 Rxe1+ 28. Kxe1 Re8+ 29. Kd1 f6 30. g3 Kg7 31. h4 Bh6 32. g4 Re3 33. g5 fxg5 34. hxg5 Kg6 35. Rf6+ Kxg5 36. Rxc6 b5 37. Nb3 Bg7 38. c3 Rd3+ 39. Kc2 Rf3 40. Rc5 Rf2+ 41. Nd2 Rf5 42. Rxb5 h5 43. Nb1 h4 44. Rb7 Bh6 45. Rb8 h3 46. Rg8+ Kf4 47. Rg1 h2 48. Rh1 Kg3 49. Nd2 Kg2 50. Rxh2+ Kxh2 51. Nb3 Bg7 52. Nc5 Rf3 53. Kb3 Bf8 54. Ne6 Be7 55. Nd4 1-0

[Event "Titled Tuesday intern op 25th Apr Early"]
[Site "Chess.com INT"]
[Date "2023.04.25"]
[Round "8"]
[White "Kopczynski, Michal"]
[Black "Nery Junior, Jose Antonio"]
[Result "1-0"]
[WhiteElo "2225"]
[BlackElo "2082"]
[PlyCount "77"]
[EventDate "2023.04.25"]
[EventType "swiss (blitz)"]
[EventRounds "11"]
[EventCountry "USA"]
[SourceTitle "EXT 2024"]
[Source "ChessBase"]
[SourceDate "2023.10.10"]
[SourceVersion "1"]
[SourceVersionDate "2023.10.10"]
[SourceQuality "1"]

1. e4 c5 2. d4 cxd4 3. c3 d3 4. Bxd3 Nc6 5. f4 d6 6. Nf3 e6 7. 0-0 a6 8. Kh1 b5 9. Qe1 Bb7 10. Be3 Qc7 11. Nbd2 Nf6 12. Rd1 Be7 13. Qg3 0-0-0 14. a4 bxa4 15. Ra1 d5 16. e5 Ne4 17. Nxe4 dxe4 18. Bxe4 h5 19. Qf2 Rdg8 20. Rxa4 f6 21. Rfa1 fxe5 22. Rxa6 Bxa6 23. Rxa6 Nb8 24. Ra7 Qc4 25. Nxe5 Qxe4 26. Rxe7 Rd8 27. h4 Rhf8 28. Bb6 Rd1+ 29. Kh2 Qxf4+ 30. Qxf4 Rxf4 31. Rc7+ Kd8 32. Rc4+ Ke8 33. Rxf4 Rd5 34. Ng6 Nd7 35. Bd4 e5 36. Nxe5 Nf6 37. b4 Ke7 38. c4 Rd8 39. Nc6+ 1-0

[Event "Titled Tuesday intern op 25th Apr Early"]
[Site "Chess.com INT"]
[Date "2023.04.25"]
[Round "7"]
[White "Nery Junior, Jose Antonio"]
[Black "Bas Mas, Jose Joaquin"]
[Result "0-1"]
[WhiteElo "2082"]
[BlackElo "2197"]
[PlyCount "86"]
[EventDate "2023.04.25"]
[EventType "swiss (blitz)"]
[EventRounds "11"]
[EventCountry "USA"]
[SourceTitle "EXT 2024"]
[Source "ChessBase"]
[SourceDate "2023.10.10"]
[SourceVersion "1"]
[SourceVersionDate "2023.10.10"]
[SourceQuality "1"]

1. e4 Nf6 2. e5 Nd5 3. Nc3 Nxc3 4. dxc3 d6 5. Bc4 g6 6. Nf3 Bg7 7. exd6 cxd6 8. 0-0 0-0 9. h3 Nc6 10. Re1 a6 11. Bg5 Re8 12. Qd5 Rf8 13. Rad1 Qc7 14. Qd2 Re8 15. Re2 Na5 16. Bd5 e6 17. Bb3 d5 18. Bxd5 Bd7 19. Bxb7 Qxb7 20. Qxd7 Qxb2 21. Qc7 Qxc3 22. Rd7 Qxc7 23. Rxc7 Rec8 24. Rd7 h6 25. Bh4 Nc4 26. Nd4 Rab8 27. Nb3 a5 28. a4 Rb4 29. Ra7 Rxa4 30. Bg3 Ra2 31. Kh2 a4 32. Na5 Nxa5 33. Rxa5 a3 34. Rd2 g5 35. Ra7 Raxc2 36. Rxc2 Rxc2 37. Rxa3 Kh7 38. Ra7 Kg6 39. h4 g4 40. Ra5 f5 41. Rb5 Bf6 42. Rb6 f4 43. Bxf4 Rxf2 0-1

[Event "Titled Tuesday intern op 25th Apr Early"]
[Site "Chess.com INT"]
[Date "2023.04.25"]
[Round "2"]
[White "Nery Junior, Jose Antonio"]
[Black "Goltseva, Ekaterina"]
[Result "0-1"]
[WhiteElo "2082"]
[BlackElo "2283"]
[PlyCount "54"]
[EventDate "2023.04.25"]
[EventType "swiss (blitz)"]
[EventRounds "11"]
[EventCountry "USA"]
[SourceTitle "EXT 2024"]
[Source "ChessBase"]
[SourceDate "2023.10.10"]
[SourceVersion "1"]
[SourceVersionDate "2023.10.10"]
[SourceQuality "1"]

1. e4 c6 2. d4 d5 3. e5 c5 4. dxc5 Nc6 5. Bb5 e6 6. b4 Bd7 7. Bxc6 Bxc6 8. Nf3 a5 9. c3 b6 10. cxb6 axb4 11. 0-0 Qxb6 12. cxb4 Bxb4 13. Be3 Bc5 14. Bxc5 Qxc5 15. Nbd2 Bb5 16. Nb3 Qb6 17. Re1 Ne7 18. h4 0-0 19. h5 h6 20. Re3 Nf5 21. Rc3 Rfc8 22. Qc1 Rxc3 23. Qxc3 Bc4 24. Nfd2 Rc8 25. Nxc4 Rxc4 26. Qd2 Qc7 27. Qf4 Rxf4 0-1

[Event "Titled Tuesday intern op 25th Apr Early"]
[Site "Chess.com INT"]
[Date "2023.04.25"]
[Round "6"]
[White "Nery Junior, Jose Antonio"]
[Black "Mammadov, Ziya Parviz"]
[Result "1-0"]
[WhiteElo "2082"]
[BlackElo "1438"]
[PlyCount "73"]
[EventDate "2023.04.25"]
[EventType "swiss (blitz)"]
[EventRounds "11"]
[EventCountry "USA"]
[SourceTitle "EXT 2024"]
[Source "ChessBase"]
[SourceDate "2023.10.10"]
[SourceVersion "1"]
[SourceVersionDate "2023.10.10"]
[SourceQuality "1"]

1. e4 e6 2. d4 d5 3. Nd2 dxe4 4. Nxe4 Nd7 5. Nf3 Ngf6 6. Nxf6+ Nxf6 7. Bd3 c5 8. Qe2 cxd4 9. 0-0 Be7 10. Bf4 a6 11. Rad1 0-0 12. Nxd4 g6 13. Bh6 Re8 14. c3 b5 15. Nc6 Qc7 16. Nxe7+ Qxe7 17. Qf3 Bb7 18. Qf4 Nd5 19. Qg3 Rad8 20. Bg5 f6 21. Bh6 Qf7 22. Rfe1 f5 23. Bg5 Rc8 24. h4 Qg7 25. Qd6 Qf7 26. a4 Nf6 27. axb5 Rcd8 28. Qe5 Ng4 29. Qe2 Rd5 30. bxa6 Ba8 31. Bc4 Re5 32. Qd3 Qc7 33. Rxe5 Nxe5 34. Qg3 Qxc4 35. Qxe5 Qxa6 36. Rd7 Qa1+ 37. Kh2 1-0

[Event "Titled Tuesday intern op 04th Apr Early"]
[Site "Chess.com INT"]
[Date "2023.04.04"]
[Round "6"]
[White "Nery Junior, Jose Antonio"]
[Black "Jovic, Stanoje"]
[Result "1-0"]
[WhiteElo "2082"]
[BlackElo "2087"]
[PlyCount "63"]
[EventDate "2023.04.04"]
[EventType "swiss (blitz)"]
[EventRounds "11"]
[EventCountry "USA"]
[SourceTitle "EXT 2024"]
[Source "ChessBase"]
[SourceDate "2023.10.10"]
[SourceVersion "1"]
[SourceVersionDate "2023.10.10"]
[SourceQuality "1"]

1. e4 c6 2. d4 d5 3. exd5 cxd5 4. c4 Nf6 5. Nc3 Nc6 6. Bg5 dxc4 7. Bxc4 e6 8. Nf3 Be7 9. 0-0 0-0 10. Qd2 a6 11. Rad1 b5 12. Bd3 Bb7 13. Bb1 Rc8 14. Rfe1 Na5 15. Ne5 Nc4 16. Nxc4 Rxc4 17. a4 b4 18. Bxf6 bxc3 19. Qd3 g6 20. Bxe7 Qd5 21. f3 Rfc8 22. bxc3 Rxc3 23. Qe4 Qb3 24. Qh4 Rxf3 25. gxf3 Qxf3 26. Be4 Bxe4 27. Qxe4 Qb3 28. Bf6 h6 29. Qf4 g5 30. Qg3 Rc3 31. Qg4 Qxa4 32. Qh5 1-0

[Event "Titled Tuesday intern op 28th Mar Late"]
[Site "Chess.com INT"]
[Date "2023.03.28"]
[Round "7"]
[White "Nery Junior, Jose Antonio"]
[Black "Darini, Pouria"]
[Result "0-1"]
[WhiteElo "2082"]
[BlackElo "2405"]
[PlyCount "82"]
[EventDate "2023.03.28"]
[EventType "swiss (blitz)"]
[EventRounds "11"]
[EventCountry "USA"]
[SourceTitle "EXT 2024"]
[Source "ChessBase"]
[SourceDate "2023.10.10"]
[SourceVersion "1"]
[SourceVersionDate "2023.10.10"]
[SourceQuality "1"]

1. e4 c5 2. Nf3 Nc6 3. d4 cxd4 4. Nxd4 Nf6 5. Nc3 d6 6. Bg5 e6 7. Qd2 a6 8. f3 Bd7 9. 0-0-0 Be7 10. Be3 h5 11. Kb1 b5 12. a3 Rb8 13. Nxc6 Bxc6 14. Ne2 a5 15. Nd4 Bd7 16. b3 0-0 17. g4 hxg4 18. Rg1 e5 19. Nf5 Bxf5 20. exf5 d5 21. Bg5 d4 22. Bxf6 Bxf6 23. Rxg4 Qd6 24. Qxa5 Rfc8 25. Qb4 Qc7 26. Bd3 Ra8 27. Rdg1 Qc5 28. Qxc5 Rxc5 29. Kb2 Kf8 30. h4 Ke7 31. h5 Rh8 32. Rh1 Rh6 33. Be4 Rc3 34. Rg2 Rh8 35. Rd2 Rb8 36. Rd3 b4 37. axb4 Rc7 38. Rc3 dxc3+ 39. Kc1 Ra7 40. Kb1 Rb6 41. Rd1 Rba6 0-1

[Event "Titled Tuesday intern op 28th Feb Late"]
[Site "Chess.com INT"]
[Date "2023.02.28"]
[Round "5"]
[White "Govender, Kaedan"]
[Black "Nery Junior, Jose Antonio"]
[Result "0-1"]
[WhiteElo "1288"]
[BlackElo "2082"]
[PlyCount "46"]
[EventDate "2023.02.28"]
[EventType "swiss (blitz)"]
[EventRounds "11"]
[EventCountry "USA"]
[SourceTitle "CBM 213 Extra"]
[Source "ChessBase"]
[SourceDate "2023.05.31"]
[SourceVersion "1"]
[SourceVersionDate "2023.05.31"]
[SourceQuality "1"]

1. d4 d5 2. c4 c6 3. Nc3 Nf6 4. cxd5 cxd5 5. Nf3 Nc6 6. g3 Bf5 7. Bg2 e6 8. 0-0 Bd6 9. Nh4 Bg6 10. Nxg6 hxg6 11. e4 dxe4 12. Nxe4 Nxe4 13. Bxe4 Rc8 14. d5 exd5 15. Bxd5 0-0 16. Bg2 Qf6 17. Bg5 Qxg5 18. Qxd6 Rfd8 19. Qa3 Rd7 20. Qb3 Nd4 21. Qd3 Rc2 22. b4 Ne2+ 23. Qxe2 Rxe2 0-1

[Event "Campos do Jordao op"]
[Site "Campos do Jordao"]
[Date "2020.11.08"]
[Round "4"]
[White "Nery Junior, Jose Antonio"]
[Black "Duarte, Bruno Cesar Wilbert"]
[Result "1-0"]
[WhiteElo "2064"]
[BlackElo "1832"]
[PlyCount "163"]
[EventDate "2020.11.06"]
[EventType "swiss"]
[EventRounds "5"]
[EventCountry "BRA"]
[SourceTitle "CBM 199 Extra"]
[Source "ChessBase"]
[SourceDate "2021.01.31"]
[SourceVersion "1"]
[SourceVersionDate "2021.01.31"]
[SourceQuality "1"]

1. e4 e5 2. Nf3 Nc6 3. Bc4 Nf6 4. d3 Bc5 5. c3 0-0 6. 0-0 d5 7. exd5 Nxd5 8. h3 Nb6 9. Bb3 a5 10. Qe2 a4 11. Bc2 Re8 12. Nbd2 Bf8 13. Ne4 f5 14. Ng3 h6 15. b4 Nd5 16. Qd2 b5 17. a3 g6 18. Re1 Bg7 19. Bb2 Nb6 20. Rad1 Be6 21. Qc1 Bd5 22. Nd2 Qe7 23. c4 bxc4 24. dxc4 Bf7 25. c5 Nd5 26. Nf3 e4 27. Bxg7 Kxg7 28. Nd4 Nxd4 29. Rxd4 Qe5 30. Ne2 Re7 31. Qd1 c6 32. Qa1 h5 33. Red1 h4 34. Qc1 Nc7 35. Qg5 Nb5 36. Rd7 Qf6 37. Qc1 Bd5 38. Rxe7+ Qxe7 39. Nd4 Nxd4 40. Rxd4 Qe5 41. Rd1 f4 42. Re1 Kh7 43. Qd1 f3 44. Qxf3 exf3 45. Rxe5 fxg2 46. Be4 Bxe4 47. Rxe4 Rd8 48. Rxh4+ Kg7 49. Re4 Kf6 50. Kxg2 Kf5 51. Re3 g5 52. Kg3 Rd2 53. Kf3 Rb2 54. Rd3 Ra2 55. Rc3 Rb2 56. Ke3 Ke5 57. Kf3 Rb3 58. Re3+ Kf5 59. Kg3 Rb1 60. h4 gxh4+ 61. Kxh4 Kf4 62. Kh3 Ra1 63. Kg2 Kf5 64. Rd3 Ke5 65. Re3+ Kf5 66. Kf3 Rb1 67. Rd3 Rb3 68. Ke3 Rb2 69. f3 Ke5 70. f4+ Kf5 71. Rd6 Rb3+ 72. Kd4 Rxa3 73. Rxc6 Rf3 74. Kc4 Rxf4+ 75. Kb5 a3 76. Ra6 Rf3 77. c6 Ke5 78. Kb6 Kd6 79. b5 Rd3 80. Ra5 Rh3 81. c7 Kd7 82. Kb7 1-0

[Event "Campos do Jordao op"]
[Site "Campos do Jordao"]
[Date "2020.11.06"]
[Round "1"]
[White "Carneiro, Claudionor Chaves"]
[Black "Nery Junior, Jose Antonio"]
[Result "0-1"]
[WhiteElo "1578"]
[BlackElo "2064"]
[PlyCount "60"]
[EventDate "2020.11.06"]
[EventType "swiss"]
[EventRounds "5"]
[EventCountry "BRA"]
[SourceTitle "CBM 199 Extra"]
[Source "ChessBase"]
[SourceDate "2021.01.31"]
[SourceVersion "1"]
[SourceVersionDate "2021.01.31"]
[SourceQuality "1"]

1. e4 c5 2. Nf3 d6 3. d4 cxd4 4. Nxd4 Nf6 5. Nc3 a6 6. Be3 e6 7. f3 Qc7 8. Qd2 Nbd7 9. 0-0-0 Be7 10. g4 b5 11. h4 Nb6 12. Nb3 Nfd7 13. Bf4 Ne5 14. Bxe5 dxe5 15. g5 0-0 16. h5 b4 17. Nb1 a5 18. Qg2 Bd7 19. N3d2 Rac8 20. Bd3 Bb5 21. Nb3 Bxd3 22. Rxd3 Bxg5+ 23. Kd1 h6 24. Nxa5 Na4 25. Nb3 Nxb2+ 26. Ke1 Nxd3+ 27. cxd3 Rfd8 28. N1d2 Rxd3 29. Ke2 Rxd2+ 30. Nxd2 Bxd2 0-1

[Event "Taubate op"]
[Site "Taubate"]
[Date "2020.10.31"]
[Round "1"]
[White "De Oliveira, John Richard Aparec"]
[Black "Nery Junior, Jose Antonio"]
[Result "0-1"]
[WhiteElo "1459"]
[BlackElo "2064"]
[PlyCount "102"]
[EventDate "2020.10.31"]
[EventType "swiss"]
[EventRounds "6"]
[EventCountry "BRA"]
[SourceTitle "CBM 199 Extra"]
[Source "ChessBase"]
[SourceDate "2021.01.31"]
[SourceVersion "1"]
[SourceVersionDate "2021.01.31"]
[SourceQuality "1"]

1. d4 Nf6 2. Nf3 c5 3. e3 g6 4. c3 b6 5. Bd3 Bb7 6. Nbd2 Bg7 7. e4 0-0 8. d5 d6 9. c4 a6 10. Rb1 b5 11. b3 Nbd7 12. 0-0 b4 13. Nh4 e6 14. Nhf3 Nh5 15. Re1 a5 16. Nf1 a4 17. Bb2 axb3 18. axb3 e5 19. Ng3 Nf4 20. Bc2 Nf6 21. Ne2 N6h5 22. Bc1 Bh6 23. g3 Nxe2+ 24. Qxe2 Bxc1 25. Rexc1 Bc8 26. Kg2 Bg4 27. h3 Bd7 28. Ra1 Qf6 29. Qe3 Kg7 30. Bd3 Rfb8 31. Rcb1 h6 32. Be2 Kh7 33. Qd2 Qd8 34. Nh2 Nf6 35. f3 Qb6 36. Qc2 Ra3 37. f4 exf4 38. gxf4 Re8 39. Bd3 Nh5 40. f5 Qd8 41. fxg6+ fxg6 42. Rf1 Qg5+ 43. Ng4 Bxg4 44. hxg4 Qxg4+ 45. Kh1 Ng3+ 46. Kh2 Nxf1+ 47. Rxf1 Re5 48. Rf5 gxf5 49. exf5 Ra1 50. f6+ Kh8 51. Bg6 Qf4+ 0-1

[Event "Taubate op"]
[Site "Taubate"]
[Date "2020.10.31"]
[Round "2"]
[White "Nery Junior, Jose Antonio"]
[Black "De Freitas, Isabella Ribeiro Co"]
[Result "1-0"]
[WhiteElo "2064"]
[BlackElo "1792"]
[PlyCount "81"]
[EventDate "2020.10.31"]
[EventType "swiss"]
[EventRounds "6"]
[EventCountry "BRA"]
[SourceTitle "CBM 199 Extra"]
[Source "ChessBase"]
[SourceDate "2021.01.31"]
[SourceVersion "1"]
[SourceVersionDate "2021.01.31"]
[SourceQuality "1"]

1. e4 c5 2. Nf3 e6 3. Nc3 a6 4. Be2 Nc6 5. d4 cxd4 6. Nxd4 Qc7 7. 0-0 Nf6 8. Be3 Be7 9. f4 d6 10. Bf3 Bd7 11. f5 Nxd4 12. Bxd4 e5 13. Be3 Rc8 14. Kh1 h6 15. a4 b6 16. Qe2 Qb7 17. Rfd1 Bc6 18. Bf2 0-0 19. Qe3 Qa8 20. Bh4 Rfd8 21. Bxf6 Bxf6 22. Ra3 Be7 23. Rb3 b5 24. axb5 axb5 25. Qd3 b4 26. f6 gxf6 27. Nd5 Bxd5 28. exd5 Qa4 29. Be4 Bf8 30. Qe2 Bg7 31. Rg3 Kf8 32. Qg4 Bh8 33. Bf5 Ra8 34. Be6 Ke7 35. Bxf7 Qd7 36. Be6 Qc7 37. Qg6 Rf8 38. Qh7+ Kd8 39. Qxh6 Qe7 40. Bg8 Qc7 41. Qxf8+ 1-0

[Event "Titled Tuesday intern op 22nd Sept"]
[Site "Chess.com INT"]
[Date "2020.09.22"]
[Round "7"]
[White "Tymrakiewicz, Rafal"]
[Black "Nery Junior, Jose Antonio"]
[Result "1-0"]
[WhiteElo "2245"]
[BlackElo "2042"]
[PlyCount "43"]
[EventDate "2020.09.22"]
[EventType "swiss (blitz)"]
[EventRounds "10"]
[EventCountry "USA"]
[SourceTitle "CBM 198 Extra"]
[Source "ChessBase"]
[SourceDate "2020.11.30"]
[SourceVersion "1"]
[SourceVersionDate "2020.11.30"]
[SourceQuality "1"]

1. e4 c5 2. d4 cxd4 3. c3 dxc3 4. Nxc3 Nc6 5. Nf3 d6 6. Bc4 e6 7. 0-0 Nf6 8. Qe2 Be7 9. Rd1 Qc7 10. Bf4 a6 11. Rac1 Qb8 12. h3 Ne5 13. Bb3 0-0 14. Nd4 Rd8 15. Bg3 Nc6 16. Nxc6 bxc6 17. e5 Nd5 18. Bc2 g6 19. exd6 Bxd6 20. Bh4 Be7 21. Bxe7 Nxe7 22. Rxd8+ 1-0

[Event "Varginha Mineiro-ch"]
[Site "Varginha"]
[Date "2020.09.07"]
[Round "6"]
[White "Nery Junior, Jose Antonio"]
[Black "Valente, Rodrigo de Deus"]
[Result "1-0"]
[WhiteElo "2042"]
[BlackElo "1914"]
[PlyCount "119"]
[EventDate "2020.09.04"]
[EventType "swiss"]
[EventRounds "7"]
[EventCountry "BRA"]
[SourceTitle "EXT 2021"]
[Source "ChessBase"]
[SourceDate "2020.10.23"]
[SourceVersion "1"]
[SourceVersionDate "2020.10.23"]
[SourceQuality "1"]

1. e4 d6 2. Nc3 Nf6 3. Bc4 c6 4. Nf3 Qc7 5. a4 Bg4 6. d4 Nbd7 7. Qd3 e5 8. dxe5 dxe5 9. 0-0 Be7 10. Nh4 Nc5 11. Qg3 Be6 12. Bxe6 Nxe6 13. Nf5 g6 14. Nxe7 Kxe7 15. b3 Nh5 16. Ba3+ Kf6 17. Qe3 Kg7 18. Ne2 Qb6 19. Qf3 f6 20. Qg4 Kf7 21. g3 Nhg7 22. Qf3 h5 23. h4 Rad8 24. Bb2 Qc7 25. Rad1 g5 26. Kh2 gxh4 27. gxh4 Rxd1 28. Rxd1 Nd4 29. Bxd4 exd4+ 30. Qg3 Qxg3+ 31. fxg3 Ne6 32. Kg2 c5 33. Rf1 Kg6 34. Rf5 Rd8 35. Rd5 Re8 36. Kf3 Re7 37. a5 Kh6 38. Rd6 Kg7 39. Rd5 Kg6 40. b4 cxb4 41. Nxd4 Nxd4+ 42. Rxd4 Re5 43. Rxb4 Rxa5 44. Rxb7 Rc5 45. Rb2 a5 46. Ke3 Rc3+ 47. Kd4 Rxg3 48. c4 Rg4 49. Kd5 Kf7 50. c5 Ke7 51. Rb7+ Kd8 52. c6 Rg2 53. Rf7 Rd2+ 54. Kc5 Re2 55. Kb6 Rb2+ 56. Kxa5 Re2 57. Kb6 Rb2+ 58. Kc5 Rh2 59. Rxf6 Rxh4 60. Kd6 1-0